000 00521nam a2200205Ia 4500
005 20250508165006.0
008 008 250505s9999 xx 000 0 eng d
020 _a978-81-89884-66-6
037 _aTextual
040 _aFEDL
_beng
_cFEDL
041 _aeng
_2eng
084 _a305.4, SAL
_qFEDL
100 _aSalma
245 0 _aHour past midnight
260 _aNew Delhi, India
_bZubaan
_c2009
300 _a478p.
365 _aINR
_b350
942 _cTEXL
_h305.4, SAL
999 _c1392521
_d1392521